000 02844cam a2200493 i 4500
001 in00024369509
005 20260619163955.0
008 251011t20262026enka b 001 0 eng d
010 _a 2025951264
020 _a9781509987382
_q(hardback)
035 _a(OCoLC)1544848157
040 _aYDX
_beng
_erda
_cYDX
_dBDX
_dYDX
_dOCLCO
_dGWL
_dOCLCO
_dGUL
_dDLC
042 _alccopycat
043 _ae-uk---
082 0 4 _a342.410858 SMI
_223/eng/20260204
100 1 _aSmith, Marcus
245 1 0 _aPrivacy as property /
_cMarcus Smith.
263 _a2602
264 1 _aOxford, UK ;
_bHart Publishing,
_c2026.
264 4 _c©2026
300 _axxxviii, 457 pages :
_billustration ;
_c25 cm
365 _bRs. 12398.00
504 _aIncludes bibliographical references and index.
505 0 _aThe new cause of action of misuse of private information -- The nature of information -- Underpinnings and rationale -- Economic justification for a proprietary regime -- Private information -- Misuse: non-state actors -- Misuse: state actors -- Undertakings, mass data collection and the protection of privacy -- Vindication -- Exploitation of private information -- Brave new world?
520 _a"This innovative work offers a new perspective on the established tort of misuse of private information, contending that English law has evolved a sophisticated mechanism for the protection of privacy and the protection of the economic value in private information. Although information generally is not property, private information now appears to be treated by English law as a form of property, giving the owner of the information rights of exclusion, exploitation and transfer. Balancing philosophical discussion of the fundamentals with a detailed analysis of the practical difficulties of 'propertising' information, the books suggests that English law has evolved a powerful tool for the protection of privacy in this data-driven world" -- From the publisher's website.
650 0 _aPrivacy, Right of
_zGreat Britain.
650 0 _aData protection
_xLaw and legislation
_zGreat Britain.
650 0 _aTorts
_zGreat Britain.
650 0 _aProperty
_zGreat Britain.
650 0 _aTorts
_zEngland.
650 6 _aResponsabilité civile
_zAngleterre.
650 6 _aResponsabilité civile
_zGrande-Bretagne.
650 7 _aData protection
_xLaw and legislation
_2fast
650 7 _aPrivacy, Right of
_2fast
650 7 _aProperty
_2fast
650 7 _aTorts
_2fast
651 7 _aGreat Britain
_2fast
_1https://id.oclc.org/worldcat/entity/E39PBJdmp7p3cx8hpmJ8HvmTpP
655 7 _aCasebooks (Law)
_2fast
655 7 _aCasebooks (Law)
_2lcgft
655 7 _aRecueils de cas.
_2rvmgf
906 _a0
_bibc
_corignew
_d2
_eepcn
_f20
_gy-gencatlg
942 _2ddc
_cBK
999 _c218004
_d218004